1983 1544 1651 1714 1206 1525 1006 1234 1777 1122 1533 1903 1085 1104 1627 1084 1379 1235 1071 2000 1260 1336 1763 1679 1321 1456 1233 1678 1459 1601 1096 1696 1314 1506 1881 1663 1028 1407 1570 1330 1886 1745 1146 1437 1205 1692 1723 1777 1319 1423 1788 1339 1085 1607 1832 1546 1725 1837 1714 1476 1312 1220 1555 1073 1280 1073 1582 1884 1159 1322 1428 1709 1159 1023 1820 1793 1667 1168 1011 1095 1737 1359 1582 1986 1734 1732 1175 1315 1986 1209 1838 1938 1015 1726 1347 1318 1992 1402 1920 BCNSPRNW ULIB Ver.6.0+V

เปลี่ยนเป็นภาษาไทย

Change to English
 แสดงรายละเอียดบรรณานุกรม
  กลับหน้าหลัก

Brief Record : Get Marc (ISO 2709) : E-mail record : QR code < ปิดหน้าต่าง
LEADER : 00000nam 2200000uu 4500
001    13399121623
003     ULIB
008    121127s2550||||th 000 0 tha d
020    ^a9789749508817
060 04 ^aWS350.2^bค459ร
100 0  ^aคิวโทกุ, ชิเงโมริ
245 10 ^aโรคแม่ทำ /^cโดย ชิเงโมริ คิวโทกุ ; แปล/เรียบเรียงโดย สมอาจ วงษ์ขมทอง
250    ^aพิมพ์ครั้งที่ 12
260    ^aกรุงเทพฯ :^bหมอชาวบ้าน,^c2550
300    ^a163 หน้า :^bภาพประกอบ
650  2 ^aFamily Relations
650  2 ^aParent-Child Relations
700 00 ^aสมอาจ วงษ์ขมทอง,^eผู้แปล
945    ^p130^l0^i16185
995    ^aวิภา
999 ^a ใช้งานได้ทุกระบบ
รายการนี้ยังไม่มีแท็ก
คุณยังไม่ได้ล็อกอิน คุณสามารถมีกิจกรรมร่วมกับเว็บไซต์ได้ แต่ต้องล็อกอินก่อน ::
  ล็อกอิน

รายการสื่อสารสนเทศ

ลำดับที่ ประเภท เลขเรียก/บาร์โค้ด สถานที่ สถานะ
- ไม่พบข้อมูล -

รายการใกล้เคียง
    ผู้แต่ง [คิวโทกุ, ชิเงโมริ]

    หัวเรื่อง [Family Relations]
    หัวเรื่อง [Parent-Child Relations]

BibComment


ยังไม่เคยถูกคอมเมนท์

คอมเมนท์ทรัพยากรรายการนี้
  คอมเมนท์: โรคแม่ทำ โดย ชิ..


 Copyright 2026. Bcnsprnw @Library